000 00635nam a22002177a 4500
003 UA-OsUOA
001 97265
007 ta
008 20130327b un ||||| |||| 00| 0 ukr d
090 _a821.163.41
_bН54
942 _cBK
040 _aUA-OsUOA
_brus
_cUA-OsUOA
_dUA-OsUOA
245 _aНеразделимые
_bрассказы писателей Югославии
300 _a311 с.
955 _a3
041 _arus
080 _a821.163.41
260 _aМ.
_bХудожественная литература
_c1985
650 7 _a82 Література. Літературознавство
_2UDC
999 _c383513
_d383513